00474cam a2200193ua 45000010006000000050017000060080039000230200018000620400009000800410008000890820013000971000026001102450043001362500012001792600037001913000010002286530009002386530033002471077920260515114648.0190403n ii |||gr||||Z||||||asm a9788192125725 cMAIN aasm a891.4518 aAkhil Gogoi,eAuthor. aGana sangramar dinlipicBy Akhil Gogoi a3rd ed. aGuwahati:bAkhar prakash,c2014. a240p. aKMSS aKrishak mukti sangram samiti